Bundesliga-Mannschaften (Saison 2025/26) - Statistiken

Allgemein
  • Dieses Quiz wurde 148 mal gespielt
  • Das Durchschnittsergebnis liegt bei 16 aus 18
Antwortstatistiken
Vereine % Korrekt
FC Bayern München
98%
Borussia Dortmund
97%
Bayer 04 Leverkusen
94%
TSG 1899 Hoffenheim
93%
1. FC Union Berlin
92%
1. FSV Mainz 05
92%
Eintracht Frankfurt
92%
FC Augsburg
92%
RB Leipzig
91%
VfB Stuttgart
91%
1. FC Heidenheim
89%
SC Freiburg
89%
VfL Wolfsburg
89%
SV Werder Bremen
87%
Borussia Mönchengladbach
84%
Hamburger SV
84%
FC St. Pauli
82%
1. FC Köln
80%
Keine übereinstimmenden Quizze gefunden
Verteilung der Resultate
Anzahl Personen mit jedem Resultat
Perzentil nach korrekt beantworteten Fragen
Ihre Resultats-Entwicklung
Sie haben dieses Quiz noch nicht gespielt